| 000 | 01130cab a2200313 4500 | ||
|---|---|---|---|
| 001 | WB3002-46 | ||
| 008 | 090401t1994 xxu||||| |||| 00| 0 eng d | ||
| 035 | _a(Sirsi) u47601 | ||
| 041 | _aeng | ||
| 100 | _aRyland, D. | ||
| 245 | _aPrivate sector to take the initiative | ||
| 260 | _c1994 | ||
| 350 | _a0 | ||
| 490 |
_aCSW - The Property Week _v46(2) 13 January 1994, 38(1) |
||
| 520 | _aNotes on the Private Finance Initiative and the recent Treasury paper, "Breaking new ground", which looks at free-standing projects, in which costs to the private sector will be recouped by charges to the end user, and joint ventures with the Government. | ||
| 650 | _aCONSTRUCTION PROJECTS | ||
| 650 |
_aInfrastructure _96246 |
||
| 650 | _aJOINT VENTURES | ||
| 650 | _aPRIVATE FINANCE INITIATIVE | ||
| 650 | _aPRIVATE SECTOR | ||
| 650 | _aPUBLIC SECTOR | ||
| 650 | _aPROPERTY-INFRASTRUCTURE-TRANSPORT INFRASTRUCTURE-ROAD INFRASTRUCTURE | ||
| 690 | _aBUILT ENVIRONMENT | ||
| 690 | _aFINANCE AND INVESTMENT | ||
| 690 | _aTRANSPORT AND COMMUNICATIONS | ||
| 690 | _aURBAN RENEWAL | ||
| 942 | _n0 | ||
| 948 | _c04/03/1997 | ||
| 999 |
_c30009 _d30009 |
||